عرض عادي
عرض مارك
- Bone, Ian,
مدخل إسم شخص
001 - رقم الضبط
- حقل الضبط: 16281
003 - معرف رقم الضبط
- حقل الضبط: OSt
005 - تاريخ ووقت أخر عملية
- حقل الضبط: 20120624084904.0
008 - عناصر بيانات ثابتة الطول
- حقل تحكم ثابت الطول: 120624|||a|||||| | ||| d
040 ## - مصدر الفهرسة
- هيئة الفهرسة الأصلية: OSt
- وكالة الكتابة: OSt
100 ## - مدخل -- أسم شخص
- إسم شخص: Bone, Ian,
- العنوان و الكلمات الأخري المرتبطة بالأسم: FRCP.
670 ## - بيانات المصدر موجوده
- الاستشهاد بالمصدر: Work cat.: (OSt)0: Lindsay, Kenneth W. 16277, Neurology and neurosurgery illustrated /, 2010.
